Crafts atlas of India / (Record no. 66734)

MARC details
000 -LEADER
fixed length control field 00805nam a22002297a 4500
005 - DATE AND TIME OF LATEST TRANSACTION
control field 20130522172421.0
010 ## - LCCN (DPL NO)
LC control number ENG-105294
020 ## - INTERNATIONAL STANDARD BOOK NUMBER
International Standard Book Number 9788189738372
Terms of availability 4500.00
035 ## - SYSTEM CONTROL NUMBER
System control number EN-88827
035 ## - SYSTEM CONTROL NUMBER
System control number B-521915-920
037 ## - SOURCE OF ACQUISITION
Source of stock number/acquisition Literacy House/Ven
082 ## - DEWEY DECIMAL CLASSIFICATION NUMBER
Classification number 745.50954
100 ## - MAIN ENTRY--PERSONAL NAME
Personal name Jaitly, Jaya
245 ## - TITLE STATEMENT
Title Crafts atlas of India /
Statement of responsibility, etc by Jaya Jaitly ; edited by Supriya Mukherjee
260 ## - PUBLICATION, DISTRIBUTION, ETC. (IMPRINT)
Place of publication, distribution, etc New Delhi
Name of publisher, distributor, etc Niyogi Books
Date of publication, distribution, etc 2012
270 ## - ADDRESS
Address D-78, Okhla Industrial Area, Phase-I
City New Delhi
Postal code 110020
300 ## - PHYSICAL DESCRIPTION
Extent 464p. :
Dimensions 27cm(Hb)
Other physical details col.photos
500 ## - GENERAL NOTE
General note Includes index
700 ## - ADDED ENTRY--PERSONAL NAME
Personal name Mukherjee, Supriya
9 (RLIN) 47196
942 ## - ADDED ENTRY ELEMENTS (KOHA)
Source of classification or shelving scheme Dewey Decimal Classification
Item type English Books
Call number suffix JAI
Classification part 745.50954
Holdings
Withdrawn status Lost status Not for loan Collection code Home library Current library Date acquired Source of acquisition Cost, normal purchase price Full call number Barcode Copy number Cost, replacement price Koha item type
    Not For Loan Reference Central Library Central Library 22/05/2013 Literacy House/469/13/28.03.2013/204/22.3.2013/28.03.2013 4500.00 745.50954 JAI B-521915 1 4500.00 English Books
    Not For Loan Non-fiction D.B.Act.Division D.B.Act.Division 16/05/2012 DBAD/PUB 4500.00 745.50954 JAI EN-88827 1 4500.00 English Books
    Not For Loan Reference Janak Puri Janak Puri 22/05/2013 Literacy House/469/13/28.03.2013/204/22.3.2013/28.03.2013 4500.00 745.50954 JAI B-521918 1 4500.00 English Books
    Not For Loan Reference Karol Bagh Karol Bagh 22/05/2013 Literacy House/469/13/28.03.2013/204/22.3.2013/28.03.2013 4500.00 745.50954 JAI B-521920 1 4500.00 English Books
    Not For Loan Reference Kasturba Gandhi Marg Kasturba Gandhi Marg 22/05/2013 Literacy House/469/13/28.03.2013/204/22.3.2013/28.03.2013 4500.00 745.50954 JAI B-521917 1 4500.00 English Books
    Not For Loan Reference Patel Nagar Patel Nagar 22/05/2013 Literacy House/469/13/28.03.2013/204/22.3.2013/28.03.2013 4500.00 745.50954 JAI B-521916 1 4500.00 English Books
    Not For Loan Reference Sarojini Nagar Sarojini Nagar 22/05/2013 Literacy House/469/13/28.03.2013/204/22.3.2013/28.03.2013 4500.00 745.50954 JAI B-521919 1 4500.00 English Books

© Delhi Public Library
Hit Counter
free hit counter